000 00234nam a2200097Ia 4500
005 20251222114348.0
008 251222s1900||||xx |||||||||||||| ||spa||
082 _aDVD0113/G81/2003
245 0 _aEl cascanueces:The Nutcracker
942 _cDVD
999 _c1113
_d1113